000 00286nam a22001337a 4500
008 170908b xxu||||| |||| 00| 0 eng d
020 _a9780077564643
041 _aeng
080 _22ND
_a91
100 _a42
101 _aGJEO
245 _aGEOL 1103
_cREYNOLDS,S.J
942 _2udc
_cBK
999 _c26789
_d26789